| 000 | 00624nam a2200205 a 4500 | ||
|---|---|---|---|
| 005 | 20231024063642.0 | ||
| 008 | 991125s1942 mx 000 0 spa u | ||
| 035 | _aUPN01000031409 | ||
| 049 | _aLT | ||
| 050 | 4 |
_aLB1589 M6.3 _bG3.3 |
|
| 100 | 1 | _aGámiz Olivas, Abel | |
| 245 | 1 | 0 |
_aIniciación en la geometría : _bcuaderno para el tercer año elemental / _cAbel Gamiz |
| 260 |
_aMéxico : _bAguilas, _c1942 |
||
| 300 | _a48 p., [5] h. de láms. : | ||
| 650 | 4 |
_aGeometría _xEstudio y enseñanza (Elemental) _94869 |
|
| 902 | _aULISES MORALES MARTINEZ | ||
| 904 |
_aAC _b031410 |
||
| 905 | _aLibro | ||
| 999 |
_c31409 _d31409 |
||